000 00588nam a2200229Ia 4500
003 OSt
005 20220923225659.0
006 a|||||r|||| 00| 0
007 ta
008 Pun
024 _a273,416
037 _cTextual
040 _aARTS
_cARTS
_bPun
041 _2Pun
_aPun
082 _aO153wN3, N1
100 _aਸਿੰਘ, ਤਾਰਾ
245 0 _aਦਰਪਣ ਬੁਲਬੁਲਿਆਂ ਦੇ
260 _c1991
650 _aਪੰਜਾਬੀ ਸਾਹਿਤ
942 _hO153wN3, N1
_cTEXL
_2CC
999 _c379816
_d379816